00689nam a22002177a 4500003000500000005001700005008004100022010000900063011000900072035000900081040000900090100002800099245011000127260003800237300001000275500001100285502009200296650004800388650001400436650002100450CHAP20220329133022.0971013s1989 r 00010 d a1332 a2304 a1497 cCHAP00aFierro Flores, Rubén. aSuplementación con bicarbonato de sodio (NaHCO3) en gallinas de pastura sobre la calidad del cascarón aMarín, N. L. :bEl autor,c1989 a45 h. a41-101 aTesis (Ing. Agr. Zootecnista). -- Univ. Autónoma de Nuevo León. Fac. de Agronomía14aBicarbonato de sodio en nutrición animal.14aGallinas.14aHuevosxCalidad.